00499cam a22001814a 45000010009000000050017000090080041000260100017000670200015000840400018000990410008001170420008001250800012001330820012001451000007001571010008001642450145001721246768520180205073454.0010712s2001 nyua 001 0 eng  a 2001093693 a0764536486 aDLCcDLCdDLC aeng apcc a004 KIN a004 KIN1 a28 aSHK10aTeach yourself visually Macromedia Web Collection :cby Sherry Willard Kinkoph, Mike Wooldridge, and Sue Plumley ; compiled by Michael Toot.